000 00512nmm a2200157Ia 4500
008 251105s9999||||xx |||||||||||||||||und||
020 _a9789587717556
041 _aspa
100 _aVásquez Rodríguez, Everth Miller
245 0 _aContabilidad para pymes :
_b Fundamentos basados en normas internacionales
264 _a[Bogotá, Colombia] :
_bEcoe Ediciones,
_c2019
300 _a256 páginas
650 _aEconomics and Business
856 _uhttps://public.digitaliapublishing.com/a/101585
942 _cCF
999 _c96274
_d96274